000 00653nam a2200157 i 4500
001 26885
003 ES-MaACL
005 20230906153522.0
007 t|
008 030110s1954 cu ||||1| spa d
100 1 _aArriba de Tiedra, Leticia, (
_dDuquesa de Amblada y Marquesa de Tiedra)
_9149321
245 1 3 _aEl Imperio bizantino baluarte de la cristiandad
_b: conferencia pronunciada por la Sra. Leticia Arriba de Tiedra ... en ... la Casa Cultural de Católicas de las Damas Isabelinas de Cuba ...
260 _a[S.l. :
_bs.n.,
_c1954] (
_eCuba :
_fImp. Rubio y Cía)
300 _a29 p., 2 lám. ;
_c19 cm.
852 _aES-MaACL
_j1957-F-11
_bR.36048
999 _c26885
_d26885